| 000 | 00621nam a2200193Ia 4500 | ||
|---|---|---|---|
| 003 | GCL | ||
| 008 | 140319s9999 xx 000 0 ara d | ||
| 040 |
_aGCL / _cGCL |
||
| 082 | 0 | 4 |
_a377.33 _bع ت |
| 100 | 1 | _aمها البسطامى (مترجم) | |
| 245 | 1 | 0 |
_aالتربية الميدانية واساسيات التدريس / _cمها البسطامى (مترجم) |
| 700 | 1 | _aعبداللطيف بن حمد الحليبى | |
| 700 | 1 | _aمهدى محمود سالم | |
| 300 | _a436 ص | ||
| 490 | _a | ||
| 650 | 0 | 4 | _aالمدرسون - تدريب |
| 650 | 0 | 4 | _aالمدرسون - تربية |
| 942 |
_2ddc _cBK |
||
| 999 |
_c44813 _d44813 |
||